000 00516nam a2200193 a 4500
001 11438
003 CO-ViMGA
008 141112s2004 ck r 000 u spa d
020 _a8478444122
040 _aCO-ViMGA
_bspa
_cCO-ViMGA
082 0 4 _a398.226 C15f
100 1 _aCalvino, Italo
_915914
245 1 0 _aDe Fábula
260 _aMadríd (España) :
_bSiruela,
_c2002
300 _a173.p.
650 1 4 _aCUENTOS POPULARES AFRICANOS
_915915
650 1 4 _aLITERATURA FOLCLORICA - AFRICA
_915916
942 _2ddc
_cBK
999 _c22635
_d22635